Pedologie generale; ធរណិវិទ្យាទូទៅ (Record no. 9537)

000 -LEADER
fixed length control field 00325nam a22001217a 4500
040 ## - CATALOGING SOURCE
Transcribing agency SK
082 ## - DEWEY DECIMAL CLASSIFICATION NUMBER
Classification number 631
100 ## - MAIN ENTRY--AUTHOR NAME
Personal name ត្រាន់ ថាន់កាញ់
245 ## - TITLE STATEMENT
Title Pedologie generale; ធរណិវិទ្យាទូទៅ
260 ## - PUBLICATION, DISTRIBUTION, ETC. (IMPRINT)
Place of publication Phnom Penh
Name of publisher ត្រាន់
Year of publication 1992
300 ## - PHYSICAL DESCRIPTION
Number of Pages 145p.
942 ## - ADDED ENTRY ELEMENTS (KOHA)
Koha item type សៀវភៅភាសាខ្មែរ
952 ## - LOCATION AND ITEM INFORMATION (KOHA)
Withdrawn status [LOCAL, KOHA] 0
952 ## - LOCATION AND ITEM INFORMATION (KOHA)
Withdrawn status [LOCAL, KOHA] 0
952 ## - LOCATION AND ITEM INFORMATION (KOHA)
Withdrawn status [LOCAL, KOHA] 0
Holdings
Permanent Location Date acquired Koha item type Lost status Shelving location Barcode Current Location Full call number
Library Block C2016-09-03សៀវភៅភាសាខ្មែរ C261A01194Library Block C631 ត្រាន់ 1992 C261
Library Block C2016-09-03សៀវភៅភាសាខ្មែរ C261A00006Library Block C631 ត្រាន់ 1992 C261
Library Block C2016-10-10សៀវភៅភាសាខ្មែរ C167RUA046912Library Block C631​ ត្រាន​ 1992 C167
មជ្ឈមណ្ឌលឯការនៃសាកលវិទ្យាល័យភូមិន្ទកសិកម្មចំការដូង

Powered by Koha